Misteriosa buenos aires /

Guardado en:
Autor Principal: Mujica Láinez, Manuel
Formato: Libro
Publicado: Buenos Aires : Libros Tauro, 2006
Materias:
Etiquetas: Agregar Etiqueta
Sin Etiquetas, Sea el primero en etiquetar este registro!
LEADER 00575nam a22002055a 4500
001 CEM.cems013863
008 130507s2006##################000#0#####d
005 20210705090023.0
003 CEMS
245 1 0 |a Misteriosa buenos aires /  |c Manuel Mujica Láinez 
260 |a Buenos Aires :  |b Libros Tauro,  |c 2006 
300 |a 230 p. 
590 |a 1039.013 
100 1 |a Mujica Láinez, Manuel 
653 |a Literatura 
653 |a Literatura argentina 
653 |a Novelas 
653 |a Novelas argentinas 
653 |a Biblioteca TC 
859 |a CEMS  |b BIB. CEMS - 11 de abril  |h TC  |p 1039.013  |t Ej.1